LEADER 03239nam 22006614a 450 001 9910452008503321 005 20200520144314.0 010 $a0-8078-7733-6 035 $a(CKB)1000000000467158 035 $a(EBL)837904 035 $a(OCoLC)82366504 035 $a(SSID)ssj0000129272 035 $a(PQKBManifestationID)11131662 035 $a(PQKBTitleCode)TC0000129272 035 $a(PQKBWorkID)10071194 035 $a(PQKB)11584620 035 $a(MiAaPQ)EBC837904 035 $a(Au-PeEL)EBL837904 035 $a(CaPaEBR)ebr10273410 035 $a(CaONFJC)MIL930267 035 $a(EXLCZ)991000000000467158 100 $a20060207d2006 uy 0 101 0 $aeng 135 $aur|n|---||||| 181 $ctxt 182 $cc 183 $acr 200 10$aConstructing Bangladesh$b[electronic resource] $ereligion, ethnicity, and language in an Islamic nation /$fSufia M. Uddin 210 $aChapel Hill $cUniversity of North Carolina Press$dc2006 215 $a1 online resource (248 p.) 225 1 $aIslamic civilization & Muslim networks 300 $aDescription based upon print version of record. 311 $a1-4696-1519-3 311 $a0-8078-3021-6 320 $aIncludes bibliographical references (p. [207]-216) and index. 327 $aContents; Foreword; Acknowledgments; Note on Transliteration; Introduction; One: Islamic Themes in Premodern Bengali Literature and Life; Two: Nineteenth-Century Religious Reform Movements; Three: Breaking New Ground and Transgressing Boundaries; Four: Bengali or Bangladeshi?: The Conflict between Religious and Ethnic Nationalisms; Five: The Contested Place of Nation in Umma and Globalizing Efforts; Epilogue. Competing Visions of Community; Appendix; Notes; Bibliography; Index; A; B; C; D; E; F; G; H; I; J; K; L; M; N; O; P; Q; R; S; T; U; V; W; Y; Z 330 $aHighlighting the dynamic, pluralistic nature of Islamic civilization, Sufia M. Uddin examines the complex history of Islamic state formation in Bangladesh, formerly the eastern part of the Indian province of Bengal. Uddin focuses on significant moments in the region's history from medieval to modern times, examining the interplay of language, popular and scholarly religious literature, and the colonial experience as they contributed to the creation of a unique Bengali-Islamic identity.During the precolonial era, Bengali, the dominant regional language, infused the richly diverse tradit 410 0$aIslamic civilization & Muslim networks. 606 $aIslam and state$zBangladesh$xHistory 606 $aGroup identity$zBangladesh$xHistory 606 $aBengali language$xSocial aspects 606 $aNationalism$zBangladesh$xHistory 607 $aBangladesh$xHistory 607 $aBangladesh$xCivilization 608 $aElectronic books. 615 0$aIslam and state$xHistory. 615 0$aGroup identity$xHistory. 615 0$aBengali language$xSocial aspects. 615 0$aNationalism$xHistory. 676 $a954.92 700 $aUddin$b Sufia M$0506916 801 0$bMiAaPQ 801 1$bMiAaPQ 801 2$bMiAaPQ 906 $aBOOK 912 $a9910452008503321 996 $aConstructing Bangladesh$9778905 997 $aUNINA LEADER 01123nam a2200301 i 4500 001 991003676249707536 005 20021220115236.0 008 020111s2000 uk ||| | eng 020 $a0471976490 (pbk. : alk. paper) 035 $ab11846859-39ule_inst 035 $aLE01313188$9ExL 040 $aDip.to Matematica$beng 082 0 $a519.542 084 $aAMS 62C 100 1 $aBather, John$0144890 245 10$aDecision theory :$ban introduction to dynamic programming and sequential decisions /$cJohn Bather 260 $aChichester ; New York :$bWiley,$cc2000 300 $aix, 191 p. :$bill. ;$c23 cm. 490 0 $aWiley-Interscience series in systems and optimization 500 $aIncludes bibliographical references and index 650 4$aDecision making 650 4$aDynamic programming 907 $a.b11846859$b28-04-17$c20-12-02 912 $a991003676249707536 945 $aLE013 62C BAT11 (2000)$g1$i2013000132990$lle013$o-$pE0.00$q-$rl$s- $t0$u2$v0$w2$x0$y.i12099193$z20-12-02 996 $aDecision theory$9507780 997 $aUNISALENTO 998 $ale013$b01-01-02$cm$da $e-$feng$guk $h0$i1 LEADER 01309nam0 22002891i 450 001 UON00402545 005 20231205104703.362 010 $a978-08-04-83896-2 100 $a20111219d2010 |0itac50 ba 101 $aeng$aIND 102 $aSG 105 $a|||| 4 1|||| 200 1 $aBasic Indonesian$eAn introductory coursebook$fStuart Robson and Yacinta Kurniasih 210 $aTokyo$cTuttle Publishing$d2010 215 $aXIX, 267 p.$cill.$d26 cm$e1 CD (file MP3) 606 $aLINGUA INDONESIANA$xSUSSIDI E MANUALI DIDATTICI$3UONC007820$2FI 620 $aJP$dTo?kyo?$3UONL000031 686 $aINDS II BA$cINDONESIA - LINGUISTICA - GRAMMATICA - INDONESIANO$2A 700 1$aROBSON$bStuart$3UONV206503$0280187 701 1$aKURNIASIH$bYacinta$3UONV206504$0707383 712 $aTuttle$3UONV246581$4650 801 $aIT$bSOL$c20260123$gRICA 912 $aUON00402545 950 $aSIBA - SISTEMA BIBLIOTECARIO DI ATENEO E ARCHIVIO STORICO$dSI CD INDS 001 $eSI SA 130738 7 001 950 $aSIBA - SISTEMA BIBLIOTECARIO DI ATENEO E ARCHIVIO STORICO$dSI INDS II BA 042 N $eSI SA 130737 7 042 N 996 $aBasic Indonesian$91348928 997 $aUNIOR